Damso : graine de sablier paroles - Statistiques

Statistiques générales
  • Ce quiz a été pris 32 fois
    19 depuis la dernière actualisation
  • Le résultat moyen est 302 sur 488
Statistiques - réponses
Hint Réponse % Correct
a
100%
A
100%
à
100%
chatte
100%
comme
100%
de
100%
du
100%
Du
100%
je
100%
Couplet 1 La
100%
la
100%
100%
le
100%
Refrain Le
100%
pas
100%
su
100%
tu
100%
Tu
100%
vie
100%
crois
93%
d'un
93%
il
93%
investi
93%
joint
93%
n'y
93%
on
93%
refaite
93%
rêve
93%
travesti
93%
tue
93%
reste
87%
Sur
87%
sur
87%
trois
87%
vas-y
87%
des
80%
m'a
80%
ma
80%
me
80%
par
80%
Couplet 2 Si
80%
son
80%
j'ai
73%
J'ai
73%
mère
73%
ne
73%
pour
73%
que
73%
sa
73%
sablier
73%
ai
67%
allaité
67%
be-her
67%
celle
67%
En
67%
en
67%
graines
67%
j'aimerais
67%
j'en
67%
l'amour
67%
l'érection
67%
les
67%
m'en
67%
plus
67%
pouvoir
67%
qui
67%
se
67%
taffes
67%
temps
67%
aller
60%
au
60%
cherche
60%
dans
60%
Dans
60%
faire
60%
fait
60%
mais
60%
manier
60%
m'arrêter
60%
mauvais
60%
ni
60%
qu'elle
60%
regard
60%
signe
60%
tous
60%
Un
60%
un
60%
amis
53%
an
53%
Arthur
53%
brésilien
53%
compris
53%
coup
53%
daronne
53%
destin
53%
dire
53%
est
53%
et
53%
garçons
53%
jamais
53%
j'lui
53%
j'y
53%
l'avenir
53%
méridiens
53%
n'est
53%
parti
53%
passe
53%
Patrice
53%
poing
53%
s'en
53%
seul
53%
Seul
53%
sois
53%
tour
53%
tout
53%
Tout
53%
triste
53%
avant
47%
bois
47%
cause
47%
causette
47%
censuré
47%
c'est
47%
Charlie
47%
chier
47%
ch'val
47%
cocard
47%
consoler
47%
Damso
47%
dessine
47%
fil
47%
guerre
47%
j'fais
47%
j'l'enculais
47%
j'pars
47%
j'tapais
47%
lui
47%
maintenir
47%
merde
47%
m'fais
47%
négro
47%
nouvel
47%
obligée
47%
pendant
47%
radio
47%
T'es
47%
tiens
47%
tissage
47%
toi
47%
touché
47%
trouver
47%
venir
47%
accusé
40%
aime
40%
cash
40%
cerceuil
40%
chose
40%
c'qu'on
40%
deux
40%
ennemis
40%
Face
40%
f'rais
40%
grand
40%
gros
40%
ici
40%
j'connais
40%
j'me
40%
joints
40%
J'suis
40%
j'suis
40%
Kalash
40%
légendaire
40%
l'embrouille
40%
loin
40%
M'emparer
40%
M'évader
40%
niqué
40%
noir
40%
nuisette
40%
paie
40%
qu'ça
40%
qu'j'ai
40%
qu'les
40%
rosette
40%
s'ras
40%
suis
40%
tard
40%
trop
40%
veut
40%
vulgaire
40%
aiguilles
33%
aussi
33%
aux
33%
bien
33%
c'n'était
33%
coin
33%
culs
33%
Dark
33%
Déter
33%
d'jà
33%
doigt
33%
doigté
33%
d'ssus
33%
est-elle
33%
être
33%
flows
33%
fumée
33%
j'étais
33%
J'l'ai
33%
j'n'ai
33%
j'vais
33%
Maîtresse
33%
maîtresse
33%
malveillantes
33%
m'les
33%
noms
33%
oui
33%
paix
33%
parages
33%
partisan
33%
pillages
33%
possible
33%
premier
33%
proches
33%
Quelques
33%
qu'on
33%
qu'un
33%
raciste
33%
rêver
33%
rien
33%
salopes
33%
savoir
33%
show
33%
T2
33%
talons
33%
tirs
33%
Ton
33%
tort
33%
toujours
33%
Vador
33%
abri
27%
apeuré
27%
appui
27%
armés
27%
Bloody
27%
car
27%
dis
27%
djihadiste
27%
D'mes
27%
d'mes
27%
d'une
27%
feat
27%
grandi
27%
J'méloigne
27%
j'partirai
27%
J'te
27%
j'te
27%
l'dis
27%
l'époque
27%
l'plus
27%
l'seul
27%
l'ventre
27%
meilleur
27%
m'empêchaient
27%
n'la
27%
pointe
27%
voudraient
27%
vrai
27%
d'côté
20%
j'capte
20%
J'mets
20%
Jon
20%
mille-fa
20%
Rebelles
20%
Taylor
20%
t'inquète
20%
Y'a
20%
n'passe
13%
Aucun quiz correspondant
Distribution des résultats
% des personnes avec chaque résultat
Percentile par nombre de réponses
Votre historique - résultats
Vous n’avez pas pris ce quiz depuis la dernière actualisation